صناعة قرارات الأمن الوطني في إسرائيل / (رقم التسجيلة. 2212)

تفاصيل مارك
000 -LEADER
fixed length control field 00533nam a22001817a 4500
005 - DATE AND TIME OF LATEST TRANSACTION
control field 20251108164038.0
008 - FIXED-LENGTH DATA ELEMENTS--GENERAL INFORMATION
fixed length control field 250721s1989 xx 000 0 ara d
082 14 - DEWEY DECIMAL CLASSIFICATION NUMBER
Classification number .320.95694/مئي
100 1# - MAIN ENTRY--PERSONAL NAME
Personal name بن مئير، يهودا
245 10 - TITLE STATEMENT
Title صناعة قرارات الأمن الوطني في إسرائيل /
264 1# - PRODUCTION, PUBLICATION, DISTRIBUTION, MANUFACTURE, AND COPYRIGHT NOTICE
Place of production, publication, distribution, manufacture عمان :
Name of producer, publisher, distributor, manufacturer دار الجليل،
Date of production, publication, distribution, manufacture, or copyright notice 1989.
300 ## - PHYSICAL DESCRIPTION
Extent 214ص
650 17 - SUBJECT ADDED ENTRY--TOPICAL TERM
Topical term or geographic name as entry element إسرائيل
650 17 - SUBJECT ADDED ENTRY--TOPICAL TERM
Topical term or geographic name as entry element السياسة
700 1# - ADDED ENTRY--PERSONAL NAME
Personal name عقيلي، بدر
Relator term ترجمة
942 ## - ADDED ENTRY ELEMENTS (KOHA)
Source of classification or shelving scheme Dewey Decimal Classification
Koha item type كتب
المقتنيات
حالة السحب حالة الفقدان مصدر التصنيف حالة التلف غير قابل للإعارة المكتبة الرئيسية المكتبة الحالية موقع الرف تاريخ التزويد الرقم المتسلسل Total Checkouts رقم الإستدعاء تاريخ آخر ظهور تاريخ الفاتورة نوع المادة (كوها) الباركود
    Dewey Decimal Classification Unchecked   مكتبة أبو علندا العامة مكتبة أبو علندا العامة الإعارة 06/07/2004 1856   .320.95694/مئي 28/07/2025 06/07/2004 كتب  
    Dewey Decimal Classification Unchecked   مكتبة الأميرة ايمان العامة مكتبة الأميرة ايمان العامة الإعارة 06/07/2004 6368   .320.95694/مئي 28/07/2025 06/07/2004 كتب  
    Dewey Decimal Classification Unchecked   مكتبة الاميرة بديعة مكتبة الاميرة بديعة الإعارة 06/07/2004 2713   .320.95694/مئي 28/07/2025 06/07/2004 كتب  
    Dewey Decimal Classification     مكتبة الجويدة مكتبة الجويدة الإعارة 20/04/2015 [2432]   .320.95694/مئي 28/07/2025 20/04/2015 كتب PLD00320654
    Dewey Decimal Classification     مكتبة النصر العامة مكتبة النصر العامة الإعارة 13/12/2014 (2407)   .320.95694/مئي 28/07/2025 13/12/2014 كتب PLD00312022
    Dewey Decimal Classification Unchecked   مكتبة صويلح العامة مكتبة صويلح العامة الإعارة 06/07/2004 920   .320.95694/مئي 28/07/2025 06/07/2004 كتب  
Implemented & Customized by: BBB with SCIT (Smart Chains for Information Technology)

Powered by Koha